[Event "Copenhagen Bronshoj op"]
[Site "Copenhagen"]
[Date "2017.02.12"]
[Round "3"]
[White "Olsen, Michael Richard W"]
[Black "Ozcan, Guney"]
[Result "1-0"]
[WhiteElo "1986"]
[BlackElo "1857"]
[PlyCount "125"]
[EventDate "2017.02.10"]
[EventType "swiss"]
[EventRounds "7"]
[EventCountry "DEN"]
[SourceTitle "CBM 176 Extra"]
[Source "ChessBase"]
[SourceDate "2017.03.02"]
[SourceVersion "1"]
[SourceVersionDate "2017.03.02"]
[SourceQuality "1"]

1. Nf3 d5 2. c4 dxc4 3. Qa4+ Bd7 4. Qxc4 Nf6 5. Nc3 Nc6 6. d4 e6 7. e4 Bb4 8. Bd3 Qe7 9. a3 Bxc3+ 10. bxc3 h6 11. a4 a5 12. Ba3 Qd8 13. Bc2 Ne7 14. 0-0 0-0 15. Qd3 g6 16. c4 Kh7 17. Rab1 Rb8 18. Qd2 Re8 19. Bc1 Nfg8 20. Ne5 Rf8 21. Ng4 Nc6 22. Nxh6 Qh4 23. Nxg8 Rxg8 24. g3 Qh3 25. e5 Rh8 26. Be4 Kg7 27. Rd1 Qxh2+ 28. Kf1 Rbd8 29. Qg5 Rb8 30. Qf6+ Kg8 31. Ke2 Qh5+ 32. Bf3 Qf5 33. Qxf5 gxf5 34. Bf4 Nb4 35. d5 Bxa4 36. Rd2 Rd8 37. dxe6 Rxd2+ 38. Bxd2 fxe6 39. Bxb7 Kf7 40. Bxb4 axb4 41. Rxb4 Rb8 42. Rxa4 Rxb7 43. Ke3 c5 44. Ra5 Rc7 45. Kf4 Ke7 46. Kg5 Kf7 47. Kh6 Kg8 48. Kg6 Kf8 49. Kf6 Rf7+ 50. Kxe6 Kg7 51. Rxc5 f4 52. gxf4 Rxf4 53. Rc7+ Kg6 54. c5 Rxf2 55. c6 Rc2 56. Rc8 Kg7 57. Ke7 Rc1 58. e6 Rc3 59. Rc7 Rd3 60. Rd7 Rc3 61. c7 Rc6 62. Kd8+ Kf6 63. e7 1-0

[Event "Copenhagen Bronshoj op"]
[Site "Copenhagen"]
[Date "2017.02.11"]
[Round "2"]
[White "Ozcan, Guney"]
[Black "Dupont, Michael Kim"]
[Result "1-0"]
[WhiteElo "1857"]
[BlackElo "1548"]
[PlyCount "33"]
[EventDate "2017.02.10"]
[EventType "swiss"]
[EventRounds "7"]
[EventCountry "DEN"]
[SourceTitle "CBM 176 Extra"]
[Source "ChessBase"]
[SourceDate "2017.03.02"]
[SourceVersion "1"]
[SourceVersionDate "2017.03.02"]
[SourceQuality "1"]

1. e4 Nc6 2. Nf3 d6 3. Nc3 g6 4. d4 Bg7 5. Be3 e5 6. Bb5 Bd7 7. Qd2 h6 8. 0-0-0 Nf6 9. dxe5 dxe5 10. Qe2 Qe7 11. Nd5 Nxd5 12. Rxd5 b6 13. Qc4 Qe6 14. Rhd1 Rd8 15. Rxd7 Qxc4 16. Rxd8+ Ke7 17. R8d7+ 1-0

[Event "Copenhagen Bronshoj op"]
[Site "Copenhagen"]
[Date "2017.02.10"]
[Round "1"]
[White "Grove, Peter"]
[Black "Ozcan, Guney"]
[Result "1-0"]
[WhiteElo "2170"]
[BlackElo "1857"]
[PlyCount "83"]
[EventDate "2017.02.10"]
[EventType "swiss"]
[EventRounds "7"]
[EventCountry "DEN"]
[SourceTitle "CBM 176 Extra"]
[Source "ChessBase"]
[SourceDate "2017.03.02"]
[SourceVersion "1"]
[SourceVersionDate "2017.03.02"]
[SourceQuality "1"]

1. e4 e5 2. Bc4 Nc6 3. Nc3 Nf6 4. d3 Bc5 5. f4 d6 6. f5 h6 7. Nf3 Ng4 8. Qe2 Bf2+ 9. Kd1 Bb6 10. Rf1 Bd7 11. h3 Nf6 12. g4 Na5 13. Bb3 Nxb3 14. axb3 Bc6 15. Be3 Bxe3 16. Qxe3 b6 17. Kc1 Qe7 18. Re1 Nd7 19. h4 Kd8 20. d4 exd4 21. Qxd4 f6 22. Nd5 Qf7 23. Nf4 Kc8 24. Qc3 Kb7 25. Nd4 Ne5 26. Nfe6 Be8 27. Rg1 Rh7 28. Nf3 Nxf3 29. Qxf3 Bd7 30. Nd4 c6 31. Rd1 Rhh8 32. Ne2 Qe7 33. Qd3 Kc7 34. b4 Rhd8 35. Nc3 Qe5 36. Kb1 Be8 37. Qc4 Kb7 38. Qa6+ Kc7 39. b5 c5 40. Nd5+ Kb8 41. Nxb6 Bxb5 42. Qxb5 1-0

[Event "Politiken Cup 37th"]
[Site "Helsingor"]
[Date "2015.07.27"]
[Round "4"]
[White "Ozcan, Guney"]
[Black "Ask, Josef"]
[Result "0-1"]
[WhiteElo "1903"]
[BlackElo "2170"]
[PlyCount "52"]
[EventDate "2015.07.25"]
[EventType "swiss"]
[EventRounds "10"]
[EventCountry "DEN"]
[SourceTitle "CBM 167 Extra"]
[Source "ChessBase"]
[SourceDate "2015.09.14"]
[SourceVersion "1"]
[SourceVersionDate "2015.09.14"]
[SourceQuality "1"]

1. e4 c5 2. Nf3 d6 3. d4 cxd4 4. Nxd4 Nf6 5. Nc3 g6 6. Be3 Bg7 7. f3 0-0 8. Qd2 Nc6 9. 0-0-0 d5 10. Bh6 Bxh6 11. Qxh6 Qb6 12. Nxc6 bxc6 13. exd5 Rb8 14. Na4 Qb4 15. b3 Qa3+ 16. Nb2 Nxd5 17. Rxd5 cxd5 18. Kb1 Bf5 19. g4 Bxc2+ 20. Kxc2 Qxa2 21. Bd3 Rfc8+ 22. Kd2 Qxb2+ 23. Ke3 Qe5+ 24. Kd2 Rxb3 25. Rc1 Rxc1 26. Bxg6 Qc3+ 0-1

[Event "Politiken Cup 37th"]
[Site "Helsingor"]
[Date "2015.07.26"]
[Round "2"]
[White "Ozcan, Guney"]
[Black "Wadstensvik, Petter Andreas"]
[Result "1/2-1/2"]
[WhiteElo "1903"]
[BlackElo "1658"]
[PlyCount "70"]
[EventDate "2015.07.25"]
[EventType "swiss"]
[EventRounds "10"]
[EventCountry "DEN"]
[SourceTitle "CBM 167 Extra"]
[Source "ChessBase"]
[SourceDate "2015.09.14"]
[SourceVersion "1"]
[SourceVersionDate "2015.09.14"]
[SourceQuality "1"]

1. e4 c5 2. Nf3 Nc6 3. d4 cxd4 4. Nxd4 e5 5. Nb5 d6 6. N1c3 a6 7. Na3 Nf6 8. Bg5 Be7 9. Bxf6 Bxf6 10. Nd5 b5 11. c3 0-0 12. Nc2 Bb7 13. Be2 Bg5 14. 0-0 Ne7 15. c4 Nxd5 16. cxd5 f5 17. f3 f4 18. Rc1 Rf6 19. Nb4 Rh6 20. Qc2 Qe8 21. Qc7 Qh5 22. h3 Bc8 23. Qc6 Rb8 24. Qc7 Ra8 25. Qc6 Rb8 26. Qxc8+ Rxc8 27. Rxc8+ Kf7 28. Nxa6 Be7 29. Bxb5 Qg5 30. Bd7 Bd8 31. Rfc1 Rg6 32. R1c2 Qg3 33. Rxd8 Qe1+ 34. Kh2 Qg3+ 35. Kg1 Qe1+ 1/2-1/2